<?xml version="1.0" encoding="UTF-8"?>
<marc:record xmlns:marc="http://www.loc.gov/MARC21/slim">
   <marc:leader>00000nam a2200000 a 4500</marc:leader>
   <marc:datafield ind1=" " ind2=" " tag="653">
      <marc:subfield code="a">Lehrer</marc:subfield>
   </marc:datafield>
   <marc:datafield ind1=" " ind2=" " tag="653">
      <marc:subfield code="a">Sonderpädagogik</marc:subfield>
   </marc:datafield>
   <marc:datafield ind1=" " ind2=" " tag="653">
      <marc:subfield code="a">Primarstufe</marc:subfield>
   </marc:datafield>
   <marc:datafield ind1=" " ind2=" " tag="653">
      <marc:subfield code="a">Autismus</marc:subfield>
   </marc:datafield>
   <marc:datafield ind1=" " ind2=" " tag="653">
      <marc:subfield code="a">Sportunterricht</marc:subfield>
   </marc:datafield>
   <marc:datafield ind1=" " ind2=" " tag="653">
      <marc:subfield code="a">Pandemie</marc:subfield>
   </marc:datafield>
   <marc:datafield ind1="0" ind2="0" tag="245">
      <marc:subfield code="a">heilpädagogik; 2023/1/2023</marc:subfield>
   </marc:datafield>
   <marc:datafield ind1="0" ind2="0" tag="245">
      <marc:subfield code="b">Fachzeitschrift der Heilpädagogischen Gesellschaft Österreich</marc:subfield>
   </marc:datafield>
   <marc:datafield ind1=" " ind2="1" tag="264">
      <marc:subfield code="b">Heilpädagogische Gesellschaft Österreich</marc:subfield>
      <marc:subfield code="c">2023</marc:subfield>
   </marc:datafield>
   <marc:datafield ind1="1" ind2=" " tag="520">
      <marc:subfield code="a">Bonfils, Barbara: Wie Achtjährige ihren Alltag in der Pandemie erleb(t)en: Ein Rückblick und Ausblick
Langer, Christine: Strategien zur schulinternen Vermittlung von kommunikativen Kompetenzen an Kinder mit Autismus-Spektrum-Störung in der Promarstufe
Stadler, Sophie: Der Bewegungs- und Sportunterricht als Chance für Kinder mit sonderpädagogischem Förderbedarf im Verhalten
Gurmann, Peter ; Otner, Tina; Stegfellner, Stephanie: Weiterbildung und Lehrer:innengesundheit - Ergebnisse einer Studie zum arbeitsbezogenen Verhaltens- und Erlebensmuster (AVEM)</marc:subfield>
   </marc:datafield>
</marc:record>
